000 01115nam a22002417a 4500
999 _c64628
_d64628
005 20240530110741.0
008 180923s2015 ua a f b 000 0 ara d
017 _bمصر. دار الكتب
_a2015/5229
020 _a9789779027630
040 _aEG-CaGPL
_cEG-CaGPL
082 0 4 _221
_a737.4953076 /
_bم ن
100 0 _aمحمد فوزى عبداللطيف
245 1 2 _aالنقود الاسلامية فى ايران :
_bنقود همذان فى العصر الاسلامى حتى نهاية عهد الدولة القاجارية : دراسة اثرية فنية /
_cمحمد فوزى عبداللطيف .
250 _aط.1
260 _aالقاهرة :
_bمركز الاهرام للنشر والترجمة والتوزيع،
_c2015 .
300 _a438 ص. :
_bايض ؛
_c24 سم.
504 _aيشتمل على ارجاعات ببليوجرافية
650 0 7 _aالنقود الاسلامية
_2qrmak
650 0 7 _aالنقود الاسلامية
_2qrmak
_zايران
650 0 7 _aالخلافة العباسية
_2qrmak
942 _2ddc
_cBK